Indian Economy: (Record no. 199388)

MARC details
000 -LEADER
fixed length control field 00661nam a22002057a 4500
005 - DATE AND TIME OF LATEST TRANSACTION
control field 20231201151029.0
010 ## - LCCN (DPL NO)
LC control number ENG-138531
020 ## - INTERNATIONAL STANDARD BOOK NUMBER
Terms of availability 480.00
International Standard Book Number 9788190817530
035 ## - SYSTEM CONTROL NUMBER
System control number EN-122063
037 ## - SOURCE OF ACQUISITION
Source of stock number/acquisition DBAD/PUB
082 ## - DEWEY DECIMAL CLASSIFICATION NUMBER
Classification number 330
100 ## - MAIN ENTRY--PERSONAL NAME
Personal name Barnwal, Kumar Mahesh
245 ## - TITLE STATEMENT
Title Indian Economy:
Remainder of title (The Gist of Ncert) VI to XII /
Statement of responsibility, etc by Mahesh Kumar Barnwal, Kunal Verma
250 ## - EDITION STATEMENT
Edition statement ed 2022-23
260 ## - PUBLICATION, DISTRIBUTION, ETC. (IMPRINT)
Place of publication, distribution, etc Delhi
Name of publisher, distributor, etc Cosmos Publication
270 ## - ADDRESS
City Delhi
Address B-3, 37-38-39, Ansal Building, Comm. Complex Dr. Mukherjee Nagar,
Postal code 110009
300 ## - PHYSICAL DESCRIPTION
Extent 392p.
Dimensions 28cm(pbk)
700 ## - ADDED ENTRY--PERSONAL NAME
Personal name Verma Kunal
9 (RLIN) 59337
942 ## - ADDED ENTRY ELEMENTS (KOHA)
Source of classification or shelving scheme Dewey Decimal Classification
Item type English Books
Classification part 330
Call number suffix BAR
Holdings
Withdrawn status Lost status Not for loan Collection code Home library Current library Date acquired Source of acquisition Cost, normal purchase price Full call number Barcode Copy number Cost, replacement price Koha item type
      Non-fiction Vinoba Puri Vinoba Puri 01/12/2023 DBAD/PUB 480.00 330 BAR EN-122063 1 480.00 English Books

© Delhi Public Library
Hit Counter
free hit counter